Лилия и Серп: Стихотворения

Podrobná bibliografie
Hlavní autor: Балтрушайтис Ю. К. Юргис Казимирович
Další autoři: Турков А. (автор предисловия)
Jazyk:ruština
Vydáno: Москва, Художественная литература, 1989
Témata:
Médium: MixedMaterials Kniha
KOHA link:https://koha.lib.tpu.ru/cgi-bin/koha/opac-detail.pl?biblionumber=133424

MARC

LEADER 00000nam0a2200000 4500
001 133424
005 20231031135324.0
010 |a 5280006092 
020 |a RU  |b 89-61180 
035 |a (RuTPU)RU\TPU\book\144588 
090 |a 133424 
100 |a 20080317d1989 m y0rusy5003 ca 
101 0 |a rus 
102 |a RU 
105 |a a z 000ay 
200 1 |a Лилия и Серп  |e Стихотворения  |f Ю. К. Балтрушайтис  |g авт. предисл. А. Турков 
210 |a Москва  |c Художественная литература  |d 1989 
215 |a 399 с., [1] л. портр.  |d 21 см 
327 1 |a Содерж.: Циклы: Земные ступени; Сбор винограда; Горная тропа; Лилия и Серп; Из не опубликованного при жизни; Жертвенный дым: Пер. с литов. 
610 1 |a литовская литература 
610 1 |a поэзия 
610 1 |a стихотворения 
675 |a 888.2  |z rus 
700 1 |a Балтрушайтис  |b Ю. К.  |g Юргис Казимирович  |4 070 
702 1 |a Турков  |b А.  |4 080 
801 0 |a RU  |b RuMRKP  |c 19950417  |g psbo 
801 1 |a RU  |b 63413507  |c 20080317  |g PSBO 
801 2 |a RU  |b 63413507  |c 20080317  |g PSBO 
942 |c BK